Multi 'U' Countries Quiz Stats

 Plays Quiz Updated Feb 13, 2019

     
Support Sporcle.
Go Orange.
Score 0/12 Timer 04:00
0 Plays Today
Country % Correct
Uruguay
91.8%
Tuvalu
58%
Vanuatu
52.4%
Guinea-Bissau
49.6%
Papua New Guinea
49.5%
Burundi
49.3%
Nauru
46.4%
Equatorial Guinea
45.6%
Mauritius
37%
Luxembourg
36.8%
Antigua and Barbuda
35.7%
South Sudan
29.6%

From the Vault

One-Third Missing Word: TV Shows

by MSUKent

Someone might need to put some foil on their TV antenna. Wait, does anyone do that anymore?
Remove Ads.
Support Sporcle.
Get the best of Sporcle when you Go Orange. This ad-free experience offers more features, more stats, and more fun while also helping to support Sporcle. Thank you for becoming a member.

Show Comments

Extras

Top Quizzes Today


Score Distribution

Your Account Isn't Verified!

In order to create a playlist on Sporcle, you need to verify the email address you used during registration. Go to your Sporcle Settings to finish the process.

Report this User

Report this user for behavior that violates our Community Guidelines.

Details: